[Event "ROM-ch U14"]
[Site "Calimanesti Caciulata"]
[Date "2019.04.18"]
[Round "5"]
[White "Gligor, Horia Teodor"]
[Black "Voinea, Ioan Antonio"]
[Result "1-0"]
[WhiteElo "1289"]
[BlackElo "1001"]
[PlyCount "77"]
[EventDate "2019.04.15"]
[EventType "swiss"]
[EventRounds "9"]
[EventCountry "ROU"]
[SourceTitle "CBM 190 Extra"]
[Source "ChessBase"]
[SourceDate "2019.07.15"]
[SourceVersion "1"]
[SourceVersionDate "2019.07.15"]
[SourceQuality "1"]

1. e4 e5 2. Nf3 Nf6 3. d4 d6 4. dxe5 dxe5 5. Qxd8+ Kxd8 6. Bg5 Be7 7. Nxe5 Ke8 8. Nc3 Bb4 9. Bc4 Be6 10. Bd2 Nc6 11. Bxe6 Nxe5 12. Bb3 Rd8 13. 0-0-0 Bxc3 14. Bxc3 Nfg4 15. Rxd8+ Kxd8 16. Bxe5 Nxe5 17. f4 Ng4 18. Bxf7 Nf2 19. Rf1 Rf8 20. Rxf2 Rxf7 21. g3 Re7 22. e5 Rd7 23. Rd2 Rxd2 24. Kxd2 Ke7 25. Ke3 Ke6 26. Kd4 b6 27. b4 a5 28. bxa5 c5+ 29. Kc4 bxa5 30. Kxc5 Kf5 31. Kd6 h6 32. e6 Kf6 33. e7 Kf7 34. Kd7 g5 35. e8Q+ Kf6 36. Qe7+ Kg6 37. Ke6 gxf4 38. Qf6+ Kh5 39. Qf5# 1-0

[Event "ROM-ch U14"]
[Site "Calimanesti Caciulata"]
[Date "2019.04.17"]
[Round "4"]
[White "Voinea, Ioan Antonio"]
[Black "Tabacaru, Gabriel Sergiu"]
[Result "0-1"]
[WhiteElo "1001"]
[BlackElo "1408"]
[PlyCount "44"]
[EventDate "2019.04.15"]
[EventType "swiss"]
[EventRounds "9"]
[EventCountry "ROU"]
[SourceTitle "CBM 190 Extra"]
[Source "ChessBase"]
[SourceDate "2019.07.15"]
[SourceVersion "1"]
[SourceVersionDate "2019.07.15"]
[SourceQuality "1"]

1. e4 e6 2. Nf3 d5 3. exd5 exd5 4. Nc3 Nf6 5. d3 Bb4 6. Ne5 0-0 7. Be2 d4 8. Bd2 dxc3 9. Bxc3 Bxc3+ 10. bxc3 Re8 11. d4 Bf5 12. Bc4 Nc6 13. 0-0 Nxe5 14. dxe5 Qxd1 15. Raxd1 Rxe5 16. Rd2 Rae8 17. Rfd1 Re1+ 18. Rxe1 Rxe1+ 19. Bf1 g6 20. g3 Bh3 21. Rd8+ Kg7 22. f3 Rxf1# 0-1